Wordperfect for windows made easy

Bibliographic Details
Main Author: Mincberg, Mella
Format: Book
Published: New York : McGraw-Hill , 1992
Series:Covers version 5.1
Subjects:

MARC

LEADER 00000cam a2200000 7i4500
001 0000002917
002 000003156
005 .0
020 |a 0078817420 
090 0 0 |a 652.536   |b MIN 
100 1 |a Mincberg, Mella 
245 1 0 |a Wordperfect for windows made easy   |c Mella Mincberg 
260 |a New York :   |b McGraw-Hill ,   |c 1992 
300 |a 694p. ;   |c 23cm. 
490 0 |a Covers version 5.1 
650 0 0 |a Wordperfert 5.1 (For Windows applications) 
999 |a 035785   |b BUKU   |c PINJAMAN   |e PERPUSTAKAAN KOMUNITI PETALING JAYA 
999 |a 035786   |b BUKU   |c PINJAMAN   |e PERPUSTAKAAN KOMUNITI PETALING JAYA 
999 |a 053001   |b BUKU   |c PINJAMAN   |e PERPUSTAKAAN KOMUNITI PETALING JAYA 
999 |a 053040   |b BUKU   |c PINJAMAN   |e PERPUSTAKAAN KOMUNITI PETALING JAYA